|
|
|
|
| LEADER |
00915nab a2200253 i 4500 |
| 001 |
misc63679 |
| 005 |
20241010130820.0 |
| 008 |
220725s1953 hu o 000 eng d |
| 040 |
|
|
|a SZTE Miscellanea Repozitórium
|b hun
|
| 041 |
|
|
|a eng
|
| 041 |
|
|
|a chi
|
| 041 |
|
|
|a tut
|
| 100 |
1 |
|
|a Menges Karl Heinrich
|
| 245 |
1 |
0 |
|a Titles and organizational terms of the Qyṭań (Liao) and Qara-Qytaj (Śi-Liao)
|h [elektronikus dokumentum] /
|c Menges Karl Heinrich
|
| 260 |
|
|
|a Nakładem Polskiego Tow. Orientalistycznego
|b Kraków
|c 1953
|
| 300 |
|
|
|a 68-79
|c 24 cm
|
| 300 |
|
|
|a [12] p.
|c 24 cm
|
| 490 |
0 |
|
|a Rocznik Orientalistyczny
|
| 561 |
|
|
|a Németh Gyula hagyaték
|
| 591 |
|
|
|a NOA 3581
|
| 650 |
|
4 |
|a Bölcsészettudományok
|
| 650 |
|
4 |
|a Történettudomány és régészet
|
| 695 |
|
|
|a Közép-ázsiai népek története, Kitajok
|
| 856 |
4 |
0 |
|u http://misc.bibl.u-szeged.hu/63679/1/3581_noa_m53.pdf
|z Dokumentum-elérés
|